Casos y cosas de la política

Saved in:
Bibliographic Details
Main Author: Olavarría Bravo, Arturo (autor)
Format: Book
Language:Spanish
Published: Santiago, Chile Stanley 1950
Subjects:
Tags: Add Tag
No Tags, Be the first to tag this record!

MARC

LEADER 00000nam a2200000 a 4500
001 UCO2057
003 CL-VaPUC
005 20220928190041.0
008 000602e19500000CL |||||||||||||||||spa|d
999 |c 288600  |d 288598 
040 |c Pontificia Universidad Católica de Valparaíso 
082 0 4 |a 342.83 OLA 1950  |2 21 
100 |a Olavarría Bravo, Arturo  |e autor  |9 438780 
245 1 0 |a Casos y cosas de la política 
260 |a Santiago, Chile  |b Stanley  |c 1950 
300 |a 140 páginas 
583 |a last modification  |c 20000602 00:00:00  |k Rodrigo Vera 
650 0 |a Historia constitucional  |z CHILE  |9 256052 
650 0 |a Poder legislativo  |z CHILE  |9 258808 
650 7 |a POLITICA CHILENA  |2 CL-VaPUC  |9 435961 
852 |a BIBCUR 
942 |c BK  |2 ddc 
945 |d 20000602 00:00:00  |a crobeson 
952 |0 0  |1 0  |2 ddc  |4 0  |6 342_830000000000000_OLA_1950  |7 0  |8 A  |9 336376  |a BIBHIS  |b BIBHIS  |d 2019-11-20  |i 1277936  |o 342.83 OLA 1950  |p 1277936  |r 2025-01-20  |t 1  |w 2019-11-20  |y BK  |k HIS